00663nam a2200241 a 4500001001300000003000900013005001700022008004100039020001000080082001600090100001900106245002500125260003200150300000900182500003500191505001000226650001500236700001900251902000800270942000700278952011900285999001700404nice12345678IN_TiNIC20260116015112.0050524s1976 newa grp 000 0 eng  ac10000a616.89bVIS aViscott, David aLanguage of Feelings aNew YorkbArbor Housec1976 a151p aincludes index and biblioraphy2 aIndex aPsychiatry1 aViscott, David bSRS cBK 001040708StackRoom-aHMIbHMId2007-11-30g100.00l0o616.89 VISp11000084r2007-11-30v100.00w2005-05-24yBK c18324d18324